80's Guitarists by Picture - Statistics

General Stats
  • This quiz has been taken 184 times
  • The average score is 6 of 12
Answer Stats
Picture Answer % Correct
Slash
96%
Angus Young
88%
Eddie Van Halen
83%
Brian May
80%
The Edge
68%
Billy Gibbons
53%
Mark Knopfler
47%
Mick Mars
45%
Phil Collen
28%
C.C. DeVille
24%
Richie Sambora
21%
Matthias Jabs
7%
No matching quizzes found
Score Distribution
Percent of People with Each Score
Percentile by Number Answered
Your Score History
You have not taken this quiz